[Event "ESP-ch 87th"]
[Site "Linares"]
[Date "2022.08.15"]
[Round "6"]
[White "Vega Gutierrez, Sabrina Neide"]
[Black "Gonzalez Guedes, Iyan"]
[Result "1-0"]
[WhiteElo "2366"]
[BlackElo "2244"]
[PlyCount "97"]
[EventDate "2022.08.11"]
[EventType "swiss"]
[EventRounds "9"]
[EventCountry "ESP"]
[SourceTitle "CBM 209 Extra"]
[Source "ChessBase"]
[SourceDate "2022.09.30"]
[SourceVersion "1"]
[SourceVersionDate "2022.09.30"]
[SourceQuality "1"]

1. d4 Nf6 2. c4 g6 3. Nc3 Bg7 4. e4 d6 5. Be2 0-0 6. Be3 e5 7. d5 Na6 8. g4 Nc5 9. f3 h5 10. h3 Nh7 11. h4 Bf6 12. Bf2 Be7 13. b4 Nd7 14. Qd2 a5 15. b5 Ndf6 16. Be3 hxg4 17. 0-0-0 g3 18. f4 Ng4 19. Bxg4 Bxg4 20. Nge2 f5 21. exf5 gxf5 22. Rdg1 Kh8 23. Nxg3 Rc8 24. Kb1 Bf6 25. Nge4 exf4 26. Bxf4 fxe4 27. Rxg4 Qd7 28. Rhg1 Qf5 29. Be3 Qe5 30. Kc2 Rce8 31. Rf1 Bg7 32. Rxf8+ Nxf8 33. Rxe4 Qf5 34. Qd3 Rxe4 35. Qxe4 Qf6 36. Bd2 Ng6 37. h5 Ne5 38. Ne2 b6 39. Nf4 Kg8 40. Ne6 Qf1 41. Nxc7 Nxc4 42. Qe8+ Kh7 43. Qg6+ Kg8 44. h6 Na3+ 45. Kb3 Qc4+ 46. Kxa3 Qc5+ 47. Kb3 a4+ 48. Kxa4 Qc2+ 49. Qxc2 1-0